000 00837nam a22001817a 4500
999 _c63388
_d63388
003 Ge_BSU
005 20250929144432.0
008 250929s1955 ge ||||| |||| 00| 0 geo d
041 _ageo
080 _a631.563.5 ა-53
100 _aალუღიშვილი, ზ.
_925898
245 _aსაკოლმეურნეო ნაგებობათა მშენებლობის მოწინავე გამოცდილება /
_cზ. ალუღიშვილი.
264 _aთბილისი :
_b სახელგამი,
_c1955.
300 _a103 გვ. :
_bილ., 1ფურც. ნახაზ. ;
_c21 სმ.
504 _a ბიბლიოგრ.: გვ. 100-101.
653 _a საკოლმეურნეო ნაგებობები.
942 _2udc
_cᲬᲘᲒᲜᲘ